Les industries du contenu sur la scène médiatique (notice n° 1660362)

détails MARC
000 -LEADER
fixed length control field 02277cam a2200181 4500500
005 - DATE AND TIME OF LATEST TRANSACTION
control field 20260208013548.0
041 ## - LANGUAGE CODE
Language code of text/sound track or separate title fre
042 ## - AUTHENTICATION CODE
Authentication code dc
100 10 - MAIN ENTRY--PERSONAL NAME
Personal name Moriset, Claire
Relator term author
245 00 - TITLE STATEMENT
Title Les industries du contenu sur la scène médiatique
260 ## - PUBLICATION, DISTRIBUTION, ETC.
Date of publication, distribution, etc. 2005.<br/>
500 ## - GENERAL NOTE
General note 13
520 ## - SUMMARY, ETC.
Summary, etc. Dans un contexte technologique, politico-économique et financier très évolutif, les industries de la culture et de l’information connaissent de profondes mutations : une financiarisation croissante soulevant la question du pluralisme des idées et de la démocratie ; un processus de concentration portant atteinte, de fait, à la production indépendante ; une accélération de l’internationalisation ; une montée en puissance du phénomène publicitaire ; un développement de la multi-médiatisation entraînant de nouvelles pratiques culturelles et de consommation ; un questionnement quant à la politique culturelle. Cet article montre de quelle manière la presse, assez homogène dans l’ensemble, rend compte de ces mutations, relaye l’information et communique le sens qu’elle donne aux événements. Ce traitement assez conventionnel ne laisse que très peu de place aux interrogations provenant des chercheurs.
520 ## - SUMMARY, ETC.
Summary, etc. CONTENT INDUSTRIES ON THE MEDIA SCENE In a fast-changing technological, politico-economic and financial context, the culture and information industries are undergoing profound change characterized by: increasing financialization that raises the question of pluralism of ideas and democracy; a process of concentration that de facto undermines independent production; an acceleration of internationalization; an upsurge of advertising; the development of multi-mediatization entailing new cultural practices and consumption; and the questioning of cultural policy. This article shows how the press, on the whole fairly uniform, accounts for these changes, relays information and communicates the meaning it gives to events. Such conventional treatment leaves very little space for questions by researchers.
700 10 - ADDED ENTRY--PERSONAL NAME
Personal name Miège, Bernard
Relator term author
786 0# - DATA SOURCE ENTRY
Note Réseaux | 131 | 3 | 2005-07-01 | p. 145-185 | 0751-7971
856 41 - ELECTRONIC LOCATION AND ACCESS
Uniform Resource Identifier <a href="https://shs.cairn.info/revue-reseaux1-2005-3-page-145?lang=fr&redirect-ssocas=7080">https://shs.cairn.info/revue-reseaux1-2005-3-page-145?lang=fr&redirect-ssocas=7080</a>

Pas d'exemplaire disponible.

PLUDOC

PLUDOC est la plateforme unique et centralisée de gestion des bibliothèques physiques et numériques de Guinée administré par le CEDUST. Elle est la plus grande base de données de ressources documentaires pour les Étudiants, Enseignants chercheurs et Chercheurs de Guinée.

Adresse

627 919 101/664 919 101

25 boulevard du commerce
Kaloum, Conakry, Guinée

Réseaux sociaux

Powered by Netsen Group @ 2025